书目信息 |
| 题名: |
聚合物基复合材料及工艺
|
|
| 作者: | 王汝敏 编著 | |
| 分册: | ||
| 出版信息: | 北京 科学出版社 2004 |
|
| 页数: | 442页 | |
| 开本: | 24cm页 | |
| 丛书名: | ||
| 单 册: | ||
| 中图分类: | TB333 , TB33 | |
| 科图分类: | ||
| 主题词: | 高聚物-- 基质(生物学)--复合材料 , 基质(生物学) , 复合材料 , 高聚物 | |
| 电子资源: | ||
| ISBN: | 7-03-012058-2 | |
| 000 | 01003nam0 2200301 450 | |
| 000 | 00986nam0 2200289 450 | |
| 000 | 00918nam0 2200265 450 | |
| 000 | 00881nam0 2200253 45 | |
| 005 | 20070527134333.01 | |
| 010 | @a7-03-012058-2@dCNY38.00 | |
| 100 | @a20070419d2004 em y0chiy0120 ea | |
| 101 | 0 | @achi |
| 102 | @aCN@b110000 | |
| 105 | @ay z 000yy | |
| 200 | 1 | @a聚合物基复合材料及工艺@AJu He Wu Ji Fu He Cai Liao Ji Gong Yi@f王汝敏等编著@FWang Ru Min Deng Bian Zhu |
| 210 | @a北京@c科学出版社@d2004 | |
| 215 | @a442页@d24cm页@c图@d20cm | |
| 300 | @a21世纪高等院校教材 | |
| 330 | @a本书全面地介绍聚合物基复合材料的基本概念、基本知识和基本性能,涉及聚合物基复合材料基本知识,组分材料,复合材料工艺,复合材料性能等。 | |
| 606 | 0 | @a高聚物@x 基质(生物学)@x复合材料 |
| 606 | 0 | @a基质(生物学) |
| 606 | 0 | @a复合材料 |
| 606 | 0 | @a高聚物 |
| 690 | @aTB333@v4 | |
| 690 | @aTB33@v3 | |
| 701 | 0 | @a王汝敏@AWang Ru Min@4编著 |
| 801 | 0 | @aCN@bTAOJIN@c20070527 |
| 905 | @a10447@dTB33@e155 | |
| 聚合物基复合材料及工艺/王汝敏等编著.-北京:科学出版社,2004 |
| 442页;24cm页:图;20cm |
| 21世纪高等院校教材 |
| ISBN 7-03-012058-2:CNY38.00 |
| 本书全面地介绍聚合物基复合材料的基本概念、基本知识和基本性能,涉及聚合物基复合材料基本知识,组分材料,复合材料工艺,复合材料性能等。 |
| ● |
| 相关链接 |
|
|
|
|
正题名:聚合物基复合材料及工艺
索取号:TB33/155
 
预约/预借
| 序号 | 登录号 | 条形码 | 馆藏地/架位号 | 状态 | 备注 |
| 1 | 0522879 | 205228797 | 第二样本阅览室/ [索取号:TB33/155] | 在馆 | |
| 2 | 0522880 | 205228804 | 密集书库/ [索取号:TB33/155] | 在馆 | |
| 3 | 0522881 | 205228813 | 密集书库/ [索取号:TB33/155] | 在馆 | |
| 4 | 0522882 | 205228822 | 第三借阅区/ [索取号:TB33/155] | 在馆 | |
| 5 | 0522883 | 205228831 | 第三借阅区/ [索取号:TB33/155] | 在馆 |